000 00252nam a2200109Ia 4500
008 220204s9999 xx 000 0 und d
082 _a82-3
_bMAS
100 _aMasters, John
245 0 _aTrial at Monomoy
260 _aLondon
_bCorgi
_c1975
942 _cBK
999 _c31043
_d31043